[Event "Stay Safe Play From Home 359"]
[Site "Emanuel Lasker Arena"]
[Date "2020.08.05"]
[Round "8"]
[White "Lamborghini"]
[Black "AChessPlayer"]
[Result "0-1"]
[WhiteElo "2311"]
[BlackElo "2420"]
[Annotator "TA"]
[PlyCount "116"]
[EventDate "2020.08.05"]
[EventType "swiss (blitz)"]

{[%evp 9,116,23,23,-98,5,-5,-4,-21,4,4,30,17,56,51,59,21,58,35,43,-7,-8,-43,0,-83,-78,-62,16,-64,25,-58,51,41,117,100,128,72,91,83,146,135,149,-10,49,12,60,-30,48,33,39,47,45,68,63,0,0,0,0,-12,33,29,40,5,414,0,49,22,32,41,934,-8,-8,-68,-57,-292,-281,-264,-115,-418,-99,-107,-118,-1013,-995,-29973,-5795,-6019,-5689,-29989,-29990,-29990,-29991,-29991,-29992,-29992,-29991,-29991,-29991,-29991,-29992,-29992,-29993,-29994,-29995,-29996,-29997,-29997,-29996,-29996,-29996]} 1. e4 c6 2. d3 d6 3. Nd2 e6 {[#]} 4. f4 $146 ({Predecessor:} 4. Ngf3 Nf6 5. h3 Be7 6. c3 Nbd7 7. Be2 d5 8. e5 Ng8 9. d4 a6 10. O-O {1-0 (30) Noble,J (1263)-Bester,K (1201) LSS email 2008}) 4... Nf6 5. Ngf3 Be7 6. h3 {B10: Caro-Kann: 2 d3 and 2 c4.} (6. d4 $11) 6... d5 (6... Nh5 $1 $17 {And now ...Bh4+ would win.} 7. Kf2 Nxf4) 7. g4 Nfd7 8. Bg2 {The position is equal.} O-O 9. O-O $1 Qb6+ 10. Kh1 dxe4 11. dxe4 c5 12. Qe2 Nc6 13. c3 Qc7 14. a4 b6 15. g5 a5 (15... Qxf4 16. e5 $1 $16 {[%mdl 512]}) 16. h4 (16. Nc4 $11 {keeps the balance.}) 16... Ba6 17. Nc4 Rfd8 (17... b5 $1 $15 18. axb5 Bxb5) 18. Be3 ({Better is} 18. Nfd2 $11) 18... Bf8 (18... b5 $15 19. axb5 Bxb5) 19. Rg1 (19. Nfd2 $11) 19... Rab8 (19... e5 $15 20. f5 Nd4) 20. Nfd2 Ne7 (20... b5 $14 21. Na3 b4 22. Qxa6 bxa3) 21. Qf2 g6 22. Raf1 (22. h5 $142) 22... Bg7 23. h5 Nf8 (23... b5 $142) 24. h6 $16 Bh8 25. f5 $2 (25. Ra1 $16) 25... exf5 (25... Rxd2 $11 26. Nxd2 gxf5) 26. Bf4 $14 ({Much weaker is} 26. exf5 Rxd2 27. Nxd2 Nxf5 $15) 26... Qc8 27. Bh3 (27. exf5 $14 Nxf5 28. Bxb8 Qxb8 29. Be4) 27... Rxd2 (27... Rb7 $11) 28. Nxd2 Bxf1 29. Rxf1 Rb7 30. exf5 Nxf5 31. Ne4 (31. Qf3 $14) 31... Rd7 $11 32. Bxf5 gxf5 33. Ng3 $1 Ng6 34. Nxf5 Qd8 35. Bg3 Rd2 $2 {[%mdl 8192] [#]} (35... Qxg5 $11 36. Qe2 Qd8) 36. Qe3 $2 (36. Ne7+ $1 $18 {[%mdl 512]} Qxe7 37. Qxd2 Qe4+ 38. Qg2) 36... Qd5+ ({Not} 36... Rxb2 $2 37. Re1 $18) 37. Qf3 {Strongly threatening Qxd5.} Qxf3+ 38. Rxf3 Rxb2 $2 {[%mdl 8192]} (38... f6 $14) 39. Rd3 $2 ({White has to play} 39. Re3 $18 {Intending Re8+ and mate.} Be5 40. Bxe5) 39... f6 40. Rd7 ({Much worse is} 40. Rd8+ Kf7 $17) (40. Re3 $11 fxg5 41. Re8+ Kf7 42. Nd6+ Kf6 43. Nc4) 40... fxg5 $15 41. Bc7 $2 (41. Nd6 $15) 41... Bxc3 $19 42. Nd6 Nf8 (42... Be5 $19 {Hoping for ...Rd2.} 43. Kg1 Bd4+ 44. Kh1 Be5) 43. Rd8 $2 {[%mdl 8192]} (43. Re7 $17 {was the crucial defense.}) 43... Rb1+ $2 (43... Be5 $19 {and Black stays clearly on top. White must now prevent ...c4!} 44. Re8 Bf4) 44. Kg2 $17 Bf6 45. Kf3 $2 {[%mdl 8192]} (45. Re8 $17) 45... Bxd8 $19 46. Ke4 Rd1 (46... Bxc7 $142 47. Nf5 Rb4+ 48. Kd5 Rxa4 49. Kc6 Bd8 50. Kb7 g4 51. Ne3 g3 52. Kc8 Ra2 53. Kxd8 g2 54. Nd5 g1=Q 55. Ne7+ Kf7 56. Nc6 Qd1+ 57. Kc7 Qd7+ 58. Kxb6 Rb2+ 59. Kxc5 Ne6+ 60. Kc4 Qxc6+ 61. Kd3 Qf3+ 62. Kc4 Rb4#) 47. Bxd8 Rxd6 {[%mdl 64] Double Attack} 48. Be7 Re6+ {[%mdl 64] Double Attack. Black mates.} 49. Kd5 Rxe7 50. Kc4 Rf7 51. Kb5 Rf6 52. Kc4 Rg6 53. Kb5 g4 54. Kc4 g3 55. Kd3 g2 56. Ke2 g1=Q 57. Kf3 Qg5 58. Ke4 Rxh6 {Accuracy: White = 37%, Black = 33%.} 0-1

[Event "Stay Safe Play From Home 359"]
[Site "Emanuel Lasker Arena"]
[Date "2020.08.05"]
[Round "8"]
[White "SoulofWolf"]
[Black "Uber_WING"]
[Result "0-1"]
[WhiteElo "2236"]
[BlackElo "2332"]
[Annotator "RC"]
[PlyCount "72"]
[EventDate "2020.08.05"]
[EventType "swiss (blitz)"]

1. e4 {[%emt 0:00:00]} d5 {[%emt 0:00:01]} 2. Nc3 {[%emt 0:00:00]} dxe4 {[%emt 0:00:01]} 3. Nxe4 {[%emt 0:00:00]} f5 {[%emt 0:00:01]} 4. Ng3 {[%emt 0:00:00]} e5 {[%emt 0:00:02]} 5. d3 {[%emt 0:00:01]} h5 {[%emt 0:00:01]} 6. Bd2 {[%emt 0:00:01]} h4 {[%emt 0:00:01]} 7. N3e2 {[%emt 0:00:00]} Nc6 {[%emt 0:00:01]} 8. Bc3 {[%emt 0:00:01]} Qe7 {[%emt 0:00:02]} 9. Qd2 {[%emt 0:00:00]} g5 {[%emt 0:00:01]} 10. O-O-O {[%emt 0:00:00]} Bh6 {[%emt 0:00:01]} 11. Kb1 {[%emt 0:00:02]} Nf6 {[%emt 0:00:01]} 12. g3 {[%emt 0:00:01]} Be6 {[%emt 0:00:01]} 13. f4 {[%emt 0:00:02]} gxf4 {[%emt 0:00:02]} 14. gxf4 {[%emt 0:00:01]} Bd5 {[%emt 0:00:02]} 15. Bh3 {[%emt 0:00:09]} Bxh1 {[%emt 0:00:02]} 16. Bxf5 {[%emt 0:00:01]} Bd5 {[%emt 0:00:03]} 17. Nh3 {[%emt 0:00:01]} Rg8 {[%emt 0:00:02]} 18. Ng5 {[%emt 0:00:02]} a5 {[%emt 0:00:05]} 19. Rg1 {[%emt 0:00:06]} exf4 {[%emt 0:00:02]} 20. Nxf4 {[%emt 0:00:04]} Bxg5 {[%emt 0:00:02]} 21. Bxf6 {[%emt 0:00:07]} Qxf6 {[%emt 0:00:02]} 22. Nxd5 {[%emt 0:00:03]} Qxf5 {[%emt 0:00:01]} 23. Qe2+ {[%emt 0:00:03]} Kd7 {[%emt 0:00:04]} 24. c4 {[%emt 0:00:04]} Rae8 {[%emt 0:00:02]} 25. Qc2 {[%emt 0:00:01]} Nb4 {[%emt 0:00:01]} 26. Qb3 {[%emt 0:00:02]} Nxd5 {[%emt 0:00:01]} 27. cxd5 {[%emt 0:00:01]} Kc8 {[%emt 0:00:01]} 28. Rc1 {[%emt 0:00:01]} Bxc1 {[%emt 0:00:01]} 29. Kxc1 {[%emt 0:00:00]} Rg1+ {[%emt 0:00:01]} 30. Kc2 {[%emt 0:00:00]} Re2+ {[%emt 0:00:01]} 31. Kc3 {[%emt 0:00:00]} Qe5+ {[%emt 0:00:01]} 32. Kc4 {[%emt 0:00:01]} Rg4+ {[%emt 0:00:02]} 33. Kb5 {[%emt 0:00:00]} Qd4 {[%emt 0:00:02]} 34. Qc4 {[%emt 0:00:01]} Qb6+ {[%emt 0:00:01]} 35. Ka4 {[%emt 0:00:01]} Rxc4+ {[%emt 0:00:00]} 36. dxc4 {[%emt 0:00:00]} Qb4# {[%emt 0:00:00] Mate Mate Mate Mate Mate (Lag: Av=0.51s, max=1.4s) (Lag: Av=0.51s, max=1.4s) (Lag: Av=0.51s, max=1.4s) (Lag: Av=0.51s, max=1.4s) (Lag: Av=0.51s, max=1.4s)} 0-1

[Event "Stay Safe Play From Home 359"]
[Site "Emanuel Lasker Arena"]
[Date "2020.08.05"]
[Round "8"]
[White "SelamiSahin"]
[Black "Lazieri3"]
[Result "0-1"]
[WhiteElo "2157"]
[BlackElo "2057"]
[Annotator "TA"]
[PlyCount "56"]
[EventDate "2020.08.05"]
[EventType "swiss (blitz)"]

{[%evp 9,56,-14,-15,-28,18,-41,-27,-21,-26,-29,-29,-37,-28,-38,-39,-34,14,18,19,8,84,71,108,102,107,114,102,7,99,111,168,122,111,0,0,0,0,0,0,0,11,11,23,14,104,-777,-752,-3110,-2200]} 1. d4 c6 2. c4 d5 3. Nc3 Nf6 4. Nf3 Bf5 5. Ne5 e6 {[#]} 6. c5 $146 {D15: Slav Defence: 4 Nc3 a6 and gambit lines after 4 Nc3 dxc4.} ({Predecessor:} 6. e3 Nbd7 7. f4 Nxe5 8. fxe5 Ne4 9. Nxe4 Bxe4 10. a3 Qh4+ 11. g3 Qh6 12. Rg1 Qxh2 {0-1 (12) Al Kaabi,A (1970)-Komarov,D (2505) Sharjah 2018}) 6... h6 7. Qb3 (7. Bf4 $11) 7... Qc8 8. Bf4 {Black has an edge.} Nbd7 9. h3 Nxe5 10. Bxe5 Be7 11. e3 O-O 12. Be2 Ne4 13. Nxe4 Bxe4 14. O-O b5 (14... a5 $11 {remains equal.}) 15. cxb6 {Black must now prevent b7.} axb6 16. Qxb6 c5 17. dxc5 Bxc5 {[#]} 18. Qb3 (18. Qb5 $1 $16 {Threatens to win with Rfc1.} Ba7 19. Bd3) 18... Qd7 (18... Qd8 $1 $11) 19. Rfc1 Bd6 (19... Rfc8 $16) 20. Bxd6 Qxd6 21. Bd3 ({White should try} 21. Qc3 $16) 21... Rfb8 $11 22. Qc2 Bxd3 23. Qxd3 Rxb2 24. a4 {[%cal Ba2a4,Ba4a5][%mdl 32]} e5 25. a5 Qf6 26. Rc2 e4 (26... Rxc2 $11 27. Qxc2 Ra6) 27. Qc3 $2 {[%mdl 8192]} (27. Qxd5 $16 Rxa5 28. Rxa5 Rxc2 29. Ra8+ Kh7 30. Qxe4+ {[%mdl 64] Double Attack} Qg6 31. Qe5 (31. Qe8 Qf5 $16)) 27... Rxc2 $19 {[%mdl 64] [#] Overworked Piece} 28. Qxc2 Qxa1+ {[%mdl 64] Double Attack. Accuracy: White = 60%, Black = 46%.} 0-1

[Event "Stay Safe Play From Home 359"]
[Site "Emanuel Lasker Arena"]
[Date "2020.08.05"]
[Round "8"]
[White "TheCHESSHOUSE"]
[Black "Ao017545"]
[Result "1-0"]
[WhiteElo "2065"]
[BlackElo "1583"]
[Annotator "NA RC"]
[PlyCount "71"]
[EventDate "2020.08.05"]
[EventType "swiss (blitz)"]

1. d4 {[%emt 0:00:01]} e5 {[%emt 0:00:01]} 2. d5 {[%emt 0:00:01]} Bc5 {[%emt 0:00:03]} 3. e4 {[%emt 0:00:01]} d6 {[%emt 0:00:00]} 4. Nf3 {[%emt 0:00:00]} Nf6 {[%emt 0:00:00]} 5. Be2 {[%emt 0:00:00]} Nxe4 {[%emt 0:00:01]} 6. O-O {[%emt 0:00:02]} O-O {[%emt 0:00:03]} 7. Nbd2 {[%emt 0:00:02]} Nxd2 {[%emt 0:00:02]} 8. Bxd2 {[%emt 0:00:00]} Bg4 {[%emt 0:00:01]} 9. h3 {[%emt 0:00:02]} Bxf3 {[%emt 0:00:03]} 10. Bxf3 {[%emt 0:00:00]} Nd7 {[%emt 0:00:00]} 11. b4 {[%emt 0:00:01]} Bd4 {[%emt 0:00:02]} 12. c3 {[%emt 0:00:01]} Bb6 {[%emt 0:00:00]} 13. a4 {[%emt 0:00:01]} a5 {[%emt 0:00:03]} 14. Qc2 {[%emt 0:00:01]} axb4 {[%emt 0:00:02]} 15. cxb4 {[%emt 0:00:00]} Bd4 {[%emt 0:00:03]} 16. Rac1 {[%emt 0:00:01]} Rc8 {[%emt 0:00:05]} 17. Be4 {[%emt 0:00:01]} Nf6 {[%emt 0:00:02]} 18. Bf5 {[%emt 0:00:01]} c5 {[%emt 0:00:08]} 19. Bxc8 {[%emt 0:00:03]} Qxc8 {[%emt 0:00:02]} 20. bxc5 {[%emt 0:00:01]} Bxc5 {[%emt 0:00:00]} 21. Qc4 {[%emt 0:00:02]} Qf5 {[%emt 0:00:06]} 22. Be3 {[%emt 0:00:05]} b6 {[%emt 0:00:00]} 23. Bxc5 {[%emt 0:00:03]} bxc5 {[%emt 0:00:02]} 24. f3 {[%emt 0:00:00]} Qf4 {[%emt 0:00:03]} 25. Qxf4 {[%emt 0:00:01]} exf4 {[%emt 0:00:00]} 26. Rfd1 {[%emt 0:00:01]} Nd7 {[%emt 0:00:01]} 27. Rc4 {[%emt 0:00:01]} Ne5 {[%emt 0:00:00]} 28. Rxf4 {[%emt 0:00:01]} g5 {[%emt 0:00:00]} 29. Rf6 {[%emt 0:00:01]} Nd7 {[%emt 0:00:03]} 30. Rxd6 {[%emt 0:00:01]} Nb6 {[%emt 0:00:00]} 31. Rxb6 {[%emt 0:00:01]} Rd8 {[%emt 0:00:00]} 32. d6 {[%emt 0:00:01]} Rf8 {[%emt 0:00:00]} 33. d7 {[%emt 0:00:00]} Re8 {[%emt 0:00:00]} 34. dxe8=Q+ {[%emt 0:00:01]} Kg7 {[%emt 0:00:00]} 35. Qe5+ {[%emt 0:00:01]} f6 {[%emt 0:00:01]} 36. Rb7+ {[%emt 0:00:01] Zaman Zaman Zaman Zaman Zaman (Lag: Av=0.87s, max=1.3s) (Lag: Av=0.87s, max=1.3s) (Lag: Av=0.87s, max=1.3s) (Lag: Av=0.87s, max=1.3s) (Lag: Av=0.87s, max=1.3s)} 1-0

[Event "Stay Safe Play From Home 359"]
[Site "Emanuel Lasker Arena"]
[Date "2020.08.05"]
[Round "8"]
[White "Haris kollari 13"]
[Black "James Harcourt"]
[Result "1-0"]
[WhiteElo "1723"]
[BlackElo "1296"]
[Annotator "NA RC"]
[PlyCount "45"]
[EventDate "2020.08.05"]
[EventType "swiss (blitz)"]

1. e4 {[%emt 0:00:02]} e5 {[%emt 0:00:00]} 2. f4 {[%emt 0:00:01]} Nf6 {[%emt 0:00:00]} 3. Nf3 {[%emt 0:00:01]} Nxe4 {[%emt 0:00:01]} 4. Nxe5 {[%emt 0:00:01]} Bc5 {[%emt 0:00:02]} 5. d4 {[%emt 0:00:02]} Bb6 {[%emt 0:00:02]} 6. Be2 {[%emt 0:00:02]} c5 {[%emt 0:00:02]} 7. c3 {[%emt 0:00:02]} cxd4 {[%emt 0:00:01]} 8. cxd4 {[%emt 0:00:01]} Nc6 {[%emt 0:00:01]} 9. Be3 {[%emt 0:00:03]} f6 {[%emt 0:00:04]} 10. Nf3 {[%emt 0:00:03]} g5 {[%emt 0:00:02]} 11. fxg5 {[%emt 0:00:02]} Nxg5 {[%emt 0:00:02]} 12. Nxg5 {[%emt 0:00:03]} fxg5 {[%emt 0:00:01]} 13. O-O {[%emt 0:00:01]} d5 {[%emt 0:00:07]} 14. Bh5+ {[%emt 0:00:01]} Kd7 {[%emt 0:00:02]} 15. Qg4+ {[%emt 0:00:03]} Kc7 {[%emt 0:00:01]} 16. Qg3+ {[%emt 0:00:02]} Ne5 {[%emt 0:00:06]} 17. Qxe5+ {[%emt 0:00:03]} Kc6 {[%emt 0:00:03]} 18. Rf6+ {[%emt 0:00:03]} Kb5 {[%emt 0:00:02]} 19. Nc3+ {[%emt 0:00:01]} Ka6 {[%emt 0:00:02]} 20. Be2+ {[%emt 0:00:03]} Ka5 {[%emt 0:00:02]} 21. Nxd5 {[%emt 0:00:02]} Bxd4 {[%emt 0:00:07]} 22. Qxd4 {[%emt 0:00:02]} b5 {[%emt 0:00:01]} 23. Bd2+ {[%emt 0:00:03] TimeB TimeB TimeB TimeB TimeB} 1-0

[Event "Stay Safe Play From Home 359"]
[Site "Emanuel Lasker Arena"]
[Date "2020.08.05"]
[Round "9"]
[White "Nuktotitakoi"]
[Black "SoulofWolf"]
[Result "1-0"]
[WhiteElo "2444"]
[BlackElo "2224"]
[Annotator "TA"]
[PlyCount "53"]
[EventDate "2020.08.05"]
[EventType "swiss (blitz)"]

{[%evp 9,53,81,173,168,179,150,154,148,172,135,201,208,210,219,213,208,219,172,288,282,692,688,693,687,674,663,591,522,843,842,908,907,950,924,1201,1055,1362,995,1439,1391,29987,29988,29991,29991,29998,29999]} 1. e4 c5 2. Nc3 a5 3. Nf3 d6 {[#]} 4. a4 $146 ({Predecessor:} 4. d4 cxd4 5. Nxd4 Nf6 6. Be3 Bd7 7. Nd5 Nxd5 8. exd5 g6 9. Bd3 Bg7 10. O-O O-O 11. c3 {1-0 (21) Schueller,R (1868)-Kapfenstein,A (1643) DESC email 2003}) 4... Bd7 5. Bc4 Be6 (5... Nf6 $16) 6. Bxe6 $18 {B23: Closed Sicilian: Lines without g3.} fxe6 7. d3 Qd7 8. O-O {White is clearly better.} Nc6 9. Re1 Nf6 {[#]} (9... e5 $16 10. Be3 e6) 10. e5 $1 {[%cal Re5f6]} Nd5 11. Nxd5 exd5 12. e6 Qc7 13. Ng5 {Nf7 is the strong threat.} O-O-O (13... g6 {is a better defense.}) 14. Nf7 g6 $2 {[#]} (14... Rg8 15. Nxd8 Qxd8) 15. Nxh8 Bg7 16. Nf7 Rf8 17. Qf3 Nd4 18. Qxd5 Nf5 19. Bd2 Qb6 20. Ra3 {[%cal Ba1a3,Ba3b3,Bb3b5,Bb5b6][%mdl 32]} Qc7 21. Rb3 h5 22. Rb5 b6 23. c3 Nh4 24. b4 cxb4 25. cxb4 {White mates.} Kb8 26. bxa5 Qc2 27. Rxb6+ {White took control after the opening. Accuracy: White = 78%, Black = 33%.} 1-0

[Event "Stay Safe Play From Home 359"]
[Site "Emanuel Lasker Arena"]
[Date "2020.08.05"]
[Round "9"]
[White "AChessPlayer"]
[Black "TheCHESSHOUSE"]
[Result "1-0"]
[WhiteElo "2432"]
[BlackElo "2067"]
[Annotator "TA"]
[PlyCount "95"]
[EventDate "2020.08.05"]
[EventType "swiss (blitz)"]

{[%evp 13,95,20,36,31,52,52,48,10,45,25,40,32,47,48,28,31,77,70,101,25,14,9,17,20,16,14,246,27,47,-31,36,31,36,26,30,-29,-32,-133,11,-123,-91,-92,0,-52,-52,-61,-10,-18,26,0,103,0,88,26,120,114,91,-36,-35,-29,0,-152,-128,-133,-29,-256,-231,-235,-190,-170,192,-53,317,-6,762,545,689,555,5439,5194,29993,1214,29993,29990]} 1. Nf3 Nf6 2. g3 g6 3. Bg2 Bg7 4. O-O d6 5. d4 O-O 6. a4 c6 7. a5 Nbd7 8. c4 {A49: 1 d4 Nf6 2 Nf3 g6 3 g3: Anti-King's Indian systems.} Qc7 9. Nc3 e5 10. d5 {White is slightly better.} Re8 11. e4 {[#]} Nc5 $146 ({Predecessor:} 11... c5 12. Nb5 Qb8 13. Qd3 Nf8 14. Bd2 Bd7 15. Na3 Rc8 16. b4 b6 17. a6 Ne8 18. b5 {0-1 (30) Weinert,C (2005)-Buschmann,A (1977) Ruhrgebiet 2003}) 12. Qc2 Bg4 13. b4 Na6 14. Qb3 Qe7 15. Bd2 Rac8 16. dxc6 (16. Be3 $16) 16... bxc6 $11 17. Be3 Rb8 18. b5 cxb5 19. cxb5 Nc7 $2 (19... Rec8 $11 {and Black has nothing to worry.}) 20. Nd2 $2 (20. Bxa7 $18 Rbc8 21. Be3) 20... Be6 21. Qb4 ({White should try} 21. Qb2 $14) 21... Na6 (21... Ng4 $15) 22. Qa3 $14 Nc5 23. Bxc5 dxc5 24. Rac1 (24. Nf3 $142) 24... Red8 $11 25. Rfd1 (25. Nf3 $15 Qc7 26. Rfd1) 25... Rd4 (25... Bh6 $17 26. Qb2 Bg4) 26. Ne2 (26. Nf3 $11) 26... Rb4 ({Much weaker is} 26... Rxb5 $6 27. Nxd4 exd4 28. Rb1 $11) 27. Nc3 Nd7 (27... Bh6 $17 {...Rd8 is the strong threat.} 28. Ra1 Rb7) 28. Nf1 (28. Rb1 $11) 28... Bh6 $15 {White must now prevent ...Bb3.} 29. Rb1 Rd4 (29... Kg7 $15) 30. Nd5 $11 Bxd5 31. exd5 Qd6 (31... Rxd1 $11 {remains equal.} 32. Rxd1 Rxb5) 32. Ne3 (32. Rxd4 $1 $16 exd4 33. b6 $1 {[%mdl 512]}) 32... Bf8 {[#]} (32... Bxe3 $11 33. fxe3 Rxd1+ 34. Rxd1 Rxb5) 33. Qc3 ({White should play} 33. Rxd4 $1 $16 exd4 34. Nc4) 33... Rb4 (33... Qc7 $11 {keeps the balance.}) 34. Nc4 Qf6 35. b6 ({Better is} 35. Bh3 $16 R8xb5 36. Rbc1) 35... axb6 $15 36. a6 {Strongly threatening d6.} Ra8 37. Rxb4 $2 (37. Ra1 $11) 37... cxb4 $17 38. Qa1 {White wants to play d6.} b5 (38... Bc5 $17 39. Ne3 Bd4) 39. Ne3 $2 (39. d6 $11 Ra7 40. Ne3 Bxd6 41. Ng4) 39... Rxa6 $19 40. Qb2 Ra3 41. d6 Rc3 $4 {[%mdl 8192]} (41... Bxd6 $19 {and life is good for Black. And now ...Nb6 would win.} 42. Qd2 b3 43. Qxd6 Qxd6 44. Rxd6 b2) 42. Nd5 $2 (42. Qxb4 $18 Rc8 43. Bh3 (43. Qxb5 Rd8 $16)) 42... Qe6 $2 {[%mdl 8192]} (42... Qxd6 $15 43. Nxc3 bxc3) 43. Qxb4 $2 (43. Nxc3 $18 bxc3 44. Qxc3) 43... Kg7 $2 {[%mdl 8192]} (43... Rc5 $11) 44. Qxc3 Bxd6 45. Ne3 Bb4 46. Qxb4 Qc6 47. Qd6 (47. Bxc6 $142 Nf8 48. Qxb5 h6 49. Qxe5+ Kg8 {[#]} 50. Rd8 $1 {[%mdl 512]} h5 51. Qe7 Kg7 52. Qxf8+ Kf6 53. Rd6+ Kg5 54. h4#) 47... Qc1 48. Qxd7 {Accuracy: White = 37%, Black = 23%.} 1-0

[Event "Stay Safe Play From Home 359"]
[Site "Emanuel Lasker Arena"]
[Date "2020.08.05"]
[Round "9"]
[White "Uber_WING"]
[Black "NTBT_DHS"]
[Result "0-1"]
[WhiteElo "2344"]
[BlackElo "2613"]
[Annotator "TA"]
[PlyCount "86"]
[EventDate "2020.08.05"]
[EventType "swiss (blitz)"]

{[%evp 10,86,2,-8,13,0,20,0,23,7,4,-18,-12,-23,-17,-25,-21,-30,-31,-29,-8,0,8,9,30,37,44,38,41,39,122,115,147,126,149,147,209,196,201,125,211,191,198,176,152,-180,-195,-304,-299,-325,-318,-411,-441,-1578,-1564,-1426,-945,-976,-980,-1932,-1878,-3213,-2891,-2891,-2828,-5147,-5147,-5147,-5143,-5139,-4902,-29990,-29991,-29995,-29995,-29995,-29996,-29997,-29998]} 1. e4 g6 2. Nc3 Bg7 3. g3 d6 4. Bg2 Nc6 5. d3 e5 6. Be3 Nf6 {C25: Vienna Game: Alternatives to 2...Nf6.} 7. h3 O-O 8. Qd2 Be6 {The position is equal.} 9. Nge2 d5 10. Bg5 d4 {[#]} 11. Nd5 $146 ({Predecessor:} 11. Nd1 Qd7 12. c4 dxc3 13. bxc3 Ne8 14. Nb2 f5 15. Qc2 Nd6 16. Be3 Rf7 17. f3 fxe4 18. dxe4 {0-1 (33) Khotenashvili,B (2307)-Airapetian,T (2193) Yerevan 2007}) 11... Bxd5 12. exd5 Ne7 {[%cal Bc6e7,Be7f5,Bf5d4][%mdl 32]} 13. c4 dxc3 14. Nxc3 Nf5 15. g4 $36 {[%mdl 2048] White is pushing.} Nd4 16. O-O Qd6 17. f4 {aiming for fxe5.} Nd7 18. f5 f6 19. Be3 g5 ({Better is} 19... gxf5 $14 20. gxf5 Kh8) 20. Ne4 $16 Qa6 21. Rfb1 Rac8 22. b4 Qb5 (22... c5 $16 {is a better defense.} 23. dxc6 bxc6) 23. a4 $18 {[%cal Ba2a4,Ba4a5][%mdl 32]} Qb6 24. h4 h6 (24... gxh4 $16 {was necessary.} 25. Kh2 a6) 25. hxg5 fxg5 26. a5 Qb5 27. Bxg5 $2 {This move loses the game for White.} (27. a6 $16) 27... hxg5 $19 28. Qxg5 (28. Rf1 {was called for.}) 28... Qxd3 29. Rd1 Nf3+ 30. Bxf3 Qxf3 31. Nd2 (31. Re1 $142 Nf6 {[%mdl 64] Double Attack} 32. Re3 Qxg4+ 33. Qxg4 Nxg4 {[%mdl 64] Discovered Attack} 34. Rc3) 31... Qg3+ 32. Kf1 Qh3+ 33. Kf2 Qh2+ 34. Kf3 {[#]} e4+ $1 {[%mdl 64] Discovered Attack} 35. Nxe4 Ne5+ 36. Ke3 Nc4+ {[%mdl 64] Discovered Attack} 37. Kd3 Nb2+ 38. Ke3 Nxd1+ 39. Rxd1 {[#]} Rce8 $1 {( -> ...Qg3+)} 40. f6 Rxf6 {Black mates.} 41. d6 Qg3+ 42. Kd4 {[#]} Rxe4+ $1 {[%mdl 64] Decoy} 43. Kxe4 Qf3+ {[%mdl 64] Double Attack. Accuracy: White = 50%, Black = 73%.} 0-1

[Event "Stay Safe Play From Home 359"]
[Site "Emanuel Lasker Arena"]
[Date "2020.08.05"]
[Round "9"]
[White "Lazieri3"]
[Black "Tran Minh Thang"]
[Result "0-1"]
[WhiteElo "2079"]
[BlackElo "2466"]
[Annotator "TA"]
[PlyCount "100"]
[EventDate "2020.08.05"]
[EventType "swiss (blitz)"]

{[%evp 9,100,0,814,800,815,753,763,691,697,677,714,712,699,680,779,745,735,751,783,799,789,799,877,871,935,940,931,933,1000,990,991,991,973,958,1209,912,919,897,913,909,997,995,1241,797,783,732,1134,874,844,783,819,793,774,789,768,762,752,734,781,753,756,756,675,660,718,717,862,767,693,575,518,0,0,0,4,0,0,0,0,-29993,-29994,-29994,-29994,-29995,-29996,-29996,-29997,-29997,-29997,-29997,-29998,-29998,-29999]} 1. e4 c5 2. Nc3 a6 3. d3 e6 4. Nf3 b5 5. Bg5 {[#]} Bb7 $146 {[%mdl 8192]} (5... Qc7 $11) ({Predecessor:} 5... Be7 6. Bxe7 Nxe7 7. g3 Bb7 8. Bg2 Nbc6 9. O-O O-O 10. Re1 Qc7 11. a3 Rfd8 12. Rb1 {0-1 (36) Saco Dedios,J-Alza Rios,J (1349) Lima 2017}) 6. Bxd8 $18 {B40: Sicilian: 2...e6, Unusual lines.} Kxd8 7. Ne5 Ke8 8. Qf3 {White is clearly winning.} Nf6 9. Ng4 Be7 10. Nxf6+ Bxf6 11. Be2 b4 12. Nd1 {[%cal Bc3d1,Bd1e3,Be3c4,Bc4d6][%mdl 32]} Nc6 13. c3 h6 14. O-O a5 15. a3 b3 16. Ne3 Rf8 17. Nc4 Be7 18. e5 Rb8 19. Nd6+ Bxd6 20. exd6 Nd4 21. Qe3 Nc2 22. Qd2 Nxa1 23. Rxa1 Bc6 24. d4 cxd4 25. Qxd4 f6 26. Rd1 Kf7 27. Bf3 Bb5 28. Be4 Rfc8 29. Bd3 Bc6 30. Qg4 {[#] White threatens Qg6+ and mate.} f5 31. Qh5+ Kg8 32. g4 Bf3 33. Re1 Bxg4 34. Qg6 Rf8 35. Rxe6 dxe6 36. Qxe6+ Kh8 37. d7 Rbd8 38. Bb5 h5 39. Qxb3 f4 40. f3 $2 (40. Qd5 $18) 40... Bxd7 $11 41. Bxd7 Rxd7 {[%mdl 4096] Endgame KQ-KRR} 42. Qb5 Rd2 43. Qxh5+ Kg8 44. Qd5+ $2 {[%mdl 8192] [#]} (44. Qe5 $11) 44... Rxd5 {Black mates.} 45. Kf2 Re8 46. Kg1 Rd2 {[%cal Re8e1]} 47. Kf1 Ree2 48. h4 Rf2+ 49. Ke1 Rxb2 50. h5 Rh2 0-1

[Event "Stay Safe Play From Home 359"]
[Site "Emanuel Lasker Arena"]
[Date "2020.08.05"]
[Round "9"]
[White "Ao017545"]
[Black "Lamborghini"]
[Result "0-1"]
[WhiteElo "1581"]
[BlackElo "2300"]
[Annotator "NA RC"]
[PlyCount "30"]
[EventDate "2020.08.05"]
[EventType "swiss (blitz)"]

1. e4 {[%emt 0:00:01]} c5 {[%emt 0:00:11]} 2. Nf3 {[%emt 0:00:01]} d6 {[%emt 0:00:00]} 3. Bb5+ {[%emt 0:00:01]} Nc6 {[%emt 0:00:01]} 4. e5 {[%emt 0:00:02]} d5 {[%emt 0:00:02]} 5. d4 {[%emt 0:00:03]} Bg4 {[%emt 0:00:01]} 6. dxc5 {[%emt 0:00:02]} e6 {[%emt 0:00:01]} 7. h3 {[%emt 0:00:04]} Bxf3 {[%emt 0:00:01]} 8. Qxf3 {[%emt 0:00:00]} Bxc5 {[%emt 0:00:01]} 9. Qg3 {[%emt 0:00:01]} Nge7 {[%emt 0:00:03]} 10. Qxg7 {[%emt 0:00:01]} Rg8 {[%emt 0:00:01]} 11. Qxh7 {[%emt 0:00:03]} Qc7 {[%emt 0:00:04]} 12. Bxc6+ {[%emt 0:00:03]} bxc6 {[%emt 0:00:02] Ao017545 beraberlik teklif ediyor Ao017545 beraberlik teklif ediyor Ao017545 beraberlik teklif ediyor Ao017545 beraberlik teklif ediyor Ao017545 beraberlik teklif ediyor} 13. O-O {[%emt 0:00:08]} O-O-O {[%emt 0:00:03]} 14. Qd3 {[%emt 0:00:03]} Qxe5 {[%emt 0:00:05]} 15. g3 {[%emt 0:00:03]} Rxg3+ {[%emt 0:00:02] Ao017545 terk eder Ao017545 terk eder Ao017545 terk eder Ao017545 terk eder Ao017545 terk eder (Lag: Av=0.58s, max=0.8s) (Lag: Av=0.58s, max=0.8s) (Lag: Av=0.58s, max=0.8s) (Lag: Av=0.58s, max=0.8s) (Lag: Av=0.58s, max=0.8s)} 0-1